000 01176nam a22003015i 4500
001 169245
003 ES-MaACL
005 20251001145917.0
008 080825s2006 sp |||| | spa d
020 _a84-95983-74-5
080 _a342.4(460)(091)
080 _a342.53(460)(091)
245 0 0 _aVeinticinco años de la Constitución española /
_cGonzalo Anes y Álvarez de Castrillón (coord.).
246 3 _a25 años de la Constitución española
260 _aMadrid :
_bReal Academia de la Historia,
_c2006.
300 _a291 p. ;
_c23 cm.
490 1 _aEstudios ;
_v14
504 _aReferencias bibliográficas.
594 _aPonencias presentadas en el ciclo de conferencias sobre la "Constitución histórica española", organizado por la Real Academia de la Historia.
610 1 4 _aEspaña.
_tConstitución, 1978.
_93657
650 1 4 _aParlamentos-
_zEspaña-
_vHistoria.
_9138323
651 4 _aEspaña-
_xHistoria constitucional.
_98366
700 1 _aAnes, Gonzalo,
_d1931-2014
_921689
710 2 _aReal Academia de la Historia (España)
_96309
830 1 _aEstudios ;
_v14
_9177349
852 4 _aES-MaACL
_jL-29738
999 _c169245
_d169245